[Event "25th European Teams"]
[Site "Batumi GEO"]
[Date "2025.10.12"]
[Round "7.13"]
[Board "2"]
[White "Sokolovsky, Yahli"]
[Black "Stremavicius, Titas"]
[Result "1/2-1/2"]
[WhiteTitle "GM"]
[BlackTitle "GM"]
[WhiteElo "2539"]
[BlackElo "2531"]
[WhiteTeam "Israel"]
[BlackTeam "Lithuania"]
[WhiteFideId "2820242"]
[BlackFideId "12804444"]
[EventDate "2025.10.05"]

1. e4 e6 2. d4 d5 3. exd5 exd5 4. Nf3 Bd6 5. Bd3 Ne7 6. O-O Bg4 7. Nbd2 Nbc6 8.
c3 Qc8 9. Re1 O-O 10. Nf1 Bf5 11. Ng3 Bxd3 12. Qxd3 Re8 13. Bd2 Bxg3 14. hxg3
Qd7 15. Nh4 Ng6 16. Nxg6 hxg6 17. Bf4 Rxe1+ 18. Rxe1 Nd8 19. g4 Ne6 20. Bg3 Re8
21. f3 c6 22. Qe3 f6 23. Qf2 Kf7 24. Bh2 Qd8 25. Re3 Ng5 26. Rxe8 Qxe8 27. Kf1
Qd8 28. Qg3 Qb6 29. Qc7+ Qxc7 30. Bxc7 Ne6 31. Bb8 a6 32. Ke2 g5 33. Kd2 Ke7 34.
Kc2 Kd7 35. a4 b6 36. Bg3 1/2-1/2

[Event "25th European Teams"]
[Site "Batumi GEO"]
[Date "2025.10.12"]
[Round "7.13"]
[Board "3"]
[White "Pultinevicius, Paulius"]
[Black "Boruchovsky, Avital"]
[Result "1-0"]
[WhiteTitle "GM"]
[BlackTitle "GM"]
[WhiteElo "2532"]
[BlackElo "2509"]
[WhiteTeam "Lithuania"]
[BlackTeam "Israel"]
[WhiteFideId "12809390"]
[BlackFideId "2800055"]
[EventDate "2025.10.05"]

1. d4 d5 2. c4 e6 3. Nc3 Nf6 4. cxd5 exd5 5. Bg5 Be7 6. e3 h6 7. Bh4 O-O 8. Bd3
Re8 9. Nge2 c6 10. O-O a5 11. f3 b5 12. Rc1 Nbd7 13. Bf2 a4 14. h3 Ba6 15. Ng3
b4 16. Bxa6 bxc3 17. Bd3 cxb2 18. Rxc6 Nb8 19. Rc2 Qb6 20. e4 Nc6 21. e5 Nd7 22.
Nf5 Nf8 23. f4 Ne6 24. Be3 Bf8 25. Qg4 g6 26. Rcf2 Ra7 27. Nh4 Bg7 28. Nxg6
Nexd4 29. Nh4 Qb4 30. Nf5 Nxf5 31. Qxf5 d4 32. Bd2 Qe7 33. Qh7+ Kf8 34. f5 f6
35. Bxh6 Qxe5 36. Qh8+ Ke7 37. Qxg7+ Kd8 38. Qg4 Rb7 39. Qf3 Rb6 40. Bf4 Qa5 41.
Rxb2 Rxb2 42. Qxc6 Re7 43. Qd6+ Ke8 44. Qxf6 Qd5 45. Qg6+ 1-0

[Event "25th European Teams"]
[Site "Batumi GEO"]
[Date "2025.10.12"]
[Round "7.13"]
[Board "4"]
[White "Parkhov, Yair"]
[Black "Morkunas, Gustas"]
[Result "1-0"]
[WhiteTitle "GM"]
[BlackTitle "FM"]
[WhiteElo "2503"]
[BlackElo "2324"]
[WhiteTeam "Israel"]
[BlackTeam "Lithuania"]
[WhiteFideId "2813408"]
[BlackFideId "12831026"]
[EventDate "2025.10.05"]

1. e4 c5 2. Nf3 e6 3. d4 cxd4 4. Nxd4 a6 5. a3 Nf6 6. Nc3 d6 7. Be3 Qc7 8. f4
Nc6 9. Qf3 Be7 10. O-O-O O-O 11. Nxc6 bxc6 12. g4 c5 13. g5 Nd7 14. Rg1 Re8 15.
h4 Rb8 16. h5 c4 17. Bd4 Bb7 18. Bh3 Bf8 19. g6 fxg6 20. hxg6 h6 21. Bg4 Qd8 22.
Qh3 Qe7 23. Nd5 exd5 24. Bxd7 Qxe4 25. Bxe8 Rxe8 26. f5 Bc8 27. Rgf1 Be7 28. Kb1
Rf8 29. Qc3 Rxf5 30. Rfe1 Qh4 31. Bxg7 Bd7 32. Rh1 Qg4 33. Bxh6 Bf6 34. Qb4 Rh5
35. Qxd6 Rxh6 36. Qxf6 1-0

[Event "25th European Teams"]
[Site "Batumi GEO"]
[Date "2025.10.12"]
[Round "7.14"]
[Board "1"]
[White "Bogner, Sebastian"]
[Black "Pechac, Jergus"]
[Result "1/2-1/2"]
[WhiteTitle "GM"]
[BlackTitle "GM"]
[WhiteElo "2555"]
[BlackElo "2539"]
[WhiteTeam "Switzerland"]
[BlackTeam "Slovakia"]
[WhiteFideId "4692055"]
[BlackFideId "14926970"]
[EventDate "2025.10.05"]

1. c4 e5 2. Nc3 Bb4 3. Nd5 Be7 4. Nf3 d6 5. d4 Nf6 6. dxe5 dxe5 7. Nxe5 Nxd5 8.
cxd5 c6 9. e3 Bf6 10. Ng4 Be7 11. Ne5 Bf6 12. Ng4 Be7 13. h3 Qxd5 14. Qxd5 cxd5
15. Bd2 O-O 16. Bc3 Rd8 17. Nh2 Nc6 18. Nf3 Bf5 19. Be2 Bb4 20. Bxb4 Nxb4 21.
Nd4 Nc2+ 22. Nxc2 Bxc2 23. Rc1 Rac8 24. Bf3 d4 25. exd4 Rxd4 26. O-O b6 27. Rfd1
Rxd1+ 28. Bxd1 Bf5 29. Rxc8+ Bxc8 30. f4 Kf8 1/2-1/2

[Event "25th European Teams"]
[Site "Batumi GEO"]
[Date "2025.10.12"]
[Round "7.14"]
[Board "2"]
[White "Gazik, Viktor"]
[Black "Baenziger, Fabian"]
[Result "1/2-1/2"]
[WhiteTitle "GM"]
[BlackTitle "IM"]
[WhiteElo "2556"]
[BlackElo "2439"]
[WhiteTeam "Slovakia"]
[BlackTeam "Switzerland"]
[WhiteFideId "14928752"]
[BlackFideId "1330110"]
[EventDate "2025.10.05"]

1. e4 e6 2. d4 d5 3. Nc3 Nf6 4. e5 Nfd7 5. f4 c5 6. Nf3 Nc6 7. Be3 cxd4 8. Nxd4
Qb6 9. Qd2 Qxb2 10. Rb1 Qa3 11. Bb5 Nxd4 12. Bxd4 a6 13. Bxd7+ Bxd7 14. Rb3 Qe7
15. Rxb7 Qd8 16. Bb6 Qc8 17. Rc7 Qd8 18. Rb7 Qc8 19. Rc7 Qd8 20. Qe3 Rc8 21.
Rxc8 Qxc8 22. O-O Bb4 23. Bd4 Qc4 24. Rb1 O-O 25. Rxb4 Qxb4 26. Bc5 Qc4 27. Bxf8
d4 28. Qd2 Qxc3 29. Qxc3 dxc3 30. Bb4 Ba4 31. Bxc3 1/2-1/2

[Event "25th European Teams"]
[Site "Batumi GEO"]
[Date "2025.10.12"]
[Round "7.14"]
[Board "3"]
[White "Kurmann, Oliver"]
[Black "Sahidi, Samir"]
[Result "0-1"]
[WhiteTitle "IM"]
[BlackTitle "IM"]
[WhiteElo "2409"]
[BlackElo "2490"]
[WhiteTeam "Switzerland"]
[BlackTeam "Slovakia"]
[WhiteFideId "1308173"]
[BlackFideId "14936372"]
[EventDate "2025.10.05"]

1. e4 c5 2. Nf3 d6 3. d4 cxd4 4. Nxd4 Nf6 5. Nc3 a6 6. Rg1 e5 7. Nb3 Be6 8. g4
h6 9. h4 d5 10. exd5 Nxd5 11. Nxd5 Bxd5 12. Rg3 Be6 13. Qxd8+ Kxd8 14. Bd2 b6
15. Bg2 Ra7 16. O-O-O Rd7 17. f4 Be7 18. g5 hxg5 19. hxg5 Bd6 20. Rf1 exf4 21.
Bxf4 Bc4 22. Rf2 Re8 23. Nd4 Bxa2 24. c3 Bxf4+ 25. Rxf4 Be6 26. g6 f6 27. Nxe6+
Rxe6 28. Bh3 Re1+ 29. Kc2 Re2+ 30. Kb3 Rd6 31. Rh4 Nc6 32. Rh8+ Re8 33. Rh7 Re7
34. Rh8+ Kc7 35. Rc8+ Kb7 36. Rf8 Rd8 37. Rf7 Kc7 38. Bg2 Re8 39. Bxc6 Kxc6 40.
Kc4 Rd7 41. b4 Re2 42. Rg1 Rb2 43. Rxd7 Kxd7 44. Ra1 Rg2 45. Rxa6 Kc6 46. Ra7
b5+ 47. Kd4 Rg4+ 48. Kd3 Rxg6 49. Ra6+ Kb7 50. Re6 Rg4 51. Ke3 f5 52. Kd3 g6 53.
Re5 Kc6 54. Re6+ Kd5 55. Rb6 Rg3+ 56. Kc2 f4 57. Rxb5+ Ke4 58. Rb8 f3 59. Re8+
Kd5 60. Kd3 g5 61. c4+ Kd6 62. Ke3 g4 63. Rd8+ Kc7 64. Rg8 Rg2 65. Rg7+ Kd6 66.
c5+ Kd5 67. Rg5+ Ke6 68. c6 f2 69. c7 Kd7 70. Rc5 Kc8 71. Ke2 g3 0-1

[Event "25th European Teams"]
[Site "Batumi GEO"]
[Date "2025.10.12"]
[Round "7.14"]
[Board "4"]
[White "Druska, Juraj"]
[Black "Fecker, Noah"]
[Result "1-0"]
[WhiteTitle "IM"]
[BlackTitle "FM"]
[WhiteElo "2451"]
[BlackElo "2364"]
[WhiteTeam "Slovakia"]
[BlackTeam "Switzerland"]
[WhiteFideId "14915650"]
[BlackFideId "1334263"]
[EventDate "2025.10.05"]

1. c4 e6 2. g3 d5 3. Bg2 dxc4 4. Qa4+ c6 5. Qxc4 c5 6. d3 Nf6 7. Be3 Nd5 8. Nc3
Nxe3 9. fxe3 Be7 10. Nf3 Nc6 11. O-O O-O 12. a3 Rb8 13. b4 cxb4 14. axb4 Nxb4
15. Rxa7 Qb6 16. Raa1 Qxe3+ 17. Kh1 Nc6 18. Qf4 Qxf4 19. gxf4 b5 20. Rfc1 b4 21.
Ne4 Bb7 22. Nc5 Bxc5 23. Rxc5 Rfc8 24. Rb1 Kf8 25. Kg1 Ke7 26. Kf2 Ba8 27. Nd2
Kd7 28. Rc4 f6 29. Bxc6+ Bxc6 30. Rcxb4 Rxb4 31. Rxb4 Ra8 32. e4 Ra1 33. Nf3 Kd6
34. Ke3 Ra2 35. h4 Ra1 36. Rb8 Ra8 37. Rb1 Ra7 38. Nd4 Bd7 39. Rb8 Ke7 40. Rb6
Rc7 41. Nb3 Ba4 42. Nd2 Bd7 43. Kd4 Ra7 44. Nb3 Ra4+ 45. Ke3 Ra7 46. Nc5 Rc7 47.
Kd4 Bc6 48. Na6 Rc8 49. Nb4 Kd6 50. Na6 e5+ 51. fxe5+ fxe5+ 52. Ke3 g6 53. d4
exd4+ 54. Kxd4 Rd8 55. e5+ Ke7+ 56. Ke3 Ba8 57. Nc5 Bd5 58. Nd3 Be6 59. Nb4 Rd7
60. Nc6+ Kf7 61. Nd4 Re7 62. Rd6 Bc8 63. Nc6 Rc7 64. Kd4 Bd7 65. Rf6+ Ke8 66.
Na5 Ke7 67. Ra6 Bg4 68. Nc6+ Kd7 69. Nb4 Be6 70. Rd6+ Ke7 71. Nc6+ Rxc6 72. Rxc6
h6 73. Rc7+ 1-0

[Event "25th European Teams"]
[Site "Batumi GEO"]
[Date "2025.10.12"]
[Round "7.15"]
[Board "1"]
[White "Sousa, Andre Ventura"]
[Black "Kadric, Denis"]
[Result "1/2-1/2"]
[WhiteTitle "IM"]
[BlackTitle "GM"]
[WhiteElo "2433"]
[BlackElo "2533"]
[WhiteTeam "Portugal"]
[BlackTeam "Montenegro"]
[WhiteFideId "1917617"]
[BlackFideId "14403803"]
[EventDate "2025.10.05"]

1. e4 e6 2. d4 d5 3. e5 c5 4. c3 Nc6 5. Nf3 Nge7 6. Na3 Nf5 7. Nc2 Be7 8. dxc5
Bxc5 9. Bd3 Nh4 10. Nxh4 Qxh4 11. Qe2 O-O 12. b4 Bb6 13. b5 Nxe5 14. Qxe5 Qxf2+
15. Kd1 Qxg2 16. Rf1 f6 17. Qg3 Qxg3 18. hxg3 e5 19. a4 Ba5 20. Ba3 Bg4+ 21. Kd2
Rfd8 22. Bb4 Bxb4 23. Nxb4 Rac8 24. Rac1 Rc5 25. Bc2 Be6 26. Bb3 Bf7 27. Nd3 Rc4
28. Nf2 Rc7 29. Nd3 Rd6 30. Rfd1 Bh5 31. Rf1 Bf7 32. Rfd1 Bh5 33. Rf1 Bf7 34.
Rfd1 1/2-1/2

[Event "25th European Teams"]
[Site "Batumi GEO"]
[Date "2025.10.12"]
[Round "7.15"]
[Board "2"]
[White "Petrov, Nikita"]
[Black "Barria, Jose"]
[Result "1-0"]
[WhiteTitle "GM"]
[BlackTitle "FM"]
[WhiteElo "2576"]
[BlackElo "2376"]
[WhiteTeam "Montenegro"]
[BlackTeam "Portugal"]
[WhiteFideId "4101286"]
[BlackFideId "1939300"]
[EventDate "2025.10.05"]

1. e4 c5 2. Nf3 d6 3. d4 cxd4 4. Nxd4 Nf6 5. Nc3 a6 6. Be3 e5 7. Nb3 Be7 8. h3
h5 9. Be2 Be6 10. O-O Nbd7 11. a4 Rc8 12. a5 Rxc3 13. bxc3 Nxe4 14. Bf3 f5 15.
Bxh5+ Kf8 16. Bf3 Ndf6 17. Bxe4 Nxe4 18. f4 Qc8 19. Nd2 Nxc3 20. Qe1 Nd5 21. c4
Nxe3 22. Qxe3 g5 23. fxe5 dxe5 24. Qxe5 Qc5+ 25. Qxc5 Bxc5+ 26. Kh1 g4 27. Rab1
gxh3 28. Rxb7 hxg2+ 29. Kxg2 Rh4 30. Re1 Bxc4 31. Re5 Bd6 32. Nxc4 Rxc4 33. Re6
Rd4 34. Rd7 Bc5 35. Rxd4 Bxd4 36. Rxa6 Ke7 37. Rc6 Kd7 38. Rc4 Be3 39. Kf3 f4
40. Ke4 Kd6 41. a6 Kd7 42. Rc3 Kd6 43. Kf3 Bg1 44. Kxf4 Bf2 45. Ke4 Bg1 1-0

[Event "25th European Teams"]
[Site "Batumi GEO"]
[Date "2025.10.12"]
[Round "7.15"]
[Board "3"]
[White "Martins, David Pires Tavares"]
[Black "Kosic, Dragan"]
[Result "1/2-1/2"]
[WhiteTitle "IM"]
[BlackTitle "GM"]
[WhiteElo "2430"]
[BlackElo "2351"]
[WhiteTeam "Portugal"]
[BlackTeam "Montenegro"]
[WhiteFideId "1909991"]
[BlackFideId "900290"]
[EventDate "2025.10.05"]

1. d4 Nf6 2. c4 e6 3. Nf3 Bb4+ 4. Nbd2 b6 5. a3 Bxd2+ 6. Qxd2 Bb7 7. e3 a5 8. b3
O-O 9. Be2 d6 10. O-O Nbd7 11. Qc2 Qe7 12. Nd2 c5 13. Re1 Rfc8 14. a4 Nf8 15.
Bb2 Ng6 16. Rad1 cxd4 17. Bxd4 e5 18. Bb2 Qe6 19. e4 Nf4 20. f3 Nd7 21. Nf1 Nc5
22. Ne3 Re8 23. Bf1 Rad8 24. Rd2 g6 25. Qd1 Qe7 26. g3 Nh5 27. Nd5 Bxd5 28. cxd5
Nf6 29. Bh3 Rb8 30. Bf1 Rf8 31. Re3 b5 32. axb5 Qa7 33. Kg2 Ne8 34. Ba1 Nc7 35.
f4 f6 36. Ra2 Qb6 37. Bc3 Ra8 38. Qe1 Nb7 39. Rf2 Nxb5 40. Bb2 Nd4 41. Bc4 a4
42. fxe5 fxe5 43. bxa4 Rxf2+ 1/2-1/2

[Event "25th European Teams"]
[Site "Batumi GEO"]
[Date "2025.10.12"]
[Round "7.15"]
[Board "4"]
[White "Vukcevic, Nemanja"]
[Black "Ribeiro, Gustavo"]
[Result "1-0"]
[WhiteTitle "FM"]
[BlackTitle "FM"]
[WhiteElo "2349"]
[BlackElo "2245"]
[WhiteTeam "Montenegro"]
[BlackTeam "Portugal"]
[WhiteFideId "941808"]
[BlackFideId "1941852"]
[EventDate "2025.10.05"]

1. e4 e5 2. Nf3 Nc6 3. Bc4 Bc5 4. d3 Nf6 5. O-O d6 6. c3 a5 7. Re1 O-O 8. h3 Be6
9. Bb5 Ba7 10. d4 exd4 11. cxd4 d5 12. e5 Ne4 13. Nc3 f5 14. exf6 Qxf6 15. Bxc6
bxc6 16. Nxe4 dxe4 17. Rxe4 Bd5 18. Rf4 Qg6 19. Nh4 Qe6 20. Rxf8+ Rxf8 21. Be3
Bb6 22. b3 Qf6 23. Qg4 c5 24. Rd1 c4 25. bxc4 Bxc4 26. Rd2 Bd5 27. Qh5 Qc6 28.
Nf5 Qe6 29. Ne7+ Qxe7 30. Qxd5+ Kh8 31. Rc2 Rd8 32. Qc4 h6 33. Rd2 Qe4 34. Qd3
Qd5 35. Qg6 Rd6 36. Qg4 Re6 37. Qf4 Re4 38. Qf3 c6 39. Qd1 Bc7 40. Qf3 Bb6 41.
Qd1 Bc7 42. Qc2 Re6 43. Qc5 Qe4 44. Qc2 Qd5 45. Qb3 Qd6 46. g3 Qe7 47. Rd3 Rg6
48. Bd2 a4 49. Qc2 Rf6 50. Re3 Qd7 51. Qxa4 Qxh3 52. Re8+ Kh7 53. Qc2+ Rg6 54.
Qb3 Rg4 55. Qg8+ Kg6 56. Qe6+ Kh5 57. Qf5+ g5 58. Qf7# 1-0

[Event "25th European Teams"]
[Site "Batumi GEO"]
[Date "2025.10.12"]
[Round "7.16"]
[Board "1"]
[White "Keinanen, Toivo"]
[Black "Grandelius, Nils"]
[Result "1/2-1/2"]
[WhiteTitle "IM"]
[BlackTitle "GM"]
[WhiteElo "2503"]
[BlackElo "2645"]
[WhiteTeam "Finland"]
[BlackTeam "Sweden"]
[WhiteFideId "509825"]
[BlackFideId "1710400"]
[EventDate "2025.10.05"]

1. Nf3 Nf6 2. c4 e6 3. g3 Be7 4. Bg2 O-O 5. d4 d5 6. O-O Nc6 7. b3 b6 8. Nc3 Bb7
9. cxd5 Nxd5 10. Nxd5 exd5 11. Bb2 Bd6 12. Rc1 Re8 13. e3 a5 14. Qc2 a4 15. bxa4
Ra7 16. Rfd1 h6 17. Ne5 Ne7 18. Bc3 Qa8 19. a5 bxa5 20. Qa4 c6 21. Bb2 Qb8 22.
Rb1 Qc8 23. Ba3 Bxe5 24. dxe5 Ba6 25. Qxa5 Ra8 26. Bxe7 Rxe7 27. Qc5 Rxe5 28.
Rdc1 Re8 29. Rb6 Bb5 30. Bxd5 cxd5 31. Qxc8 Rexc8 32. Rxc8+ Rxc8 33. Rxb5 Ra8
34. Rxd5 Rxa2 35. g4 g6 36. Kg2 Kg7 37. h4 Kf6 38. Rd6+ Kg7 39. Rd5 Kf6 40. e4
g5 41. Kg3 Ra3+ 42. Kg2 Ra2 43. Kg3 Ra3+ 44. f3 Ra2 45. Rb5 Kg6 46. Rf5 Rb2 47.
Ra5 Rc2 48. Ra1 Rb2 49. Rc1 Ra2 50. Rd1 Rb2 51. Re1 Ra2 52. Rh1 Rb2 53. Rh2 Rb3
54. Rc2 Ra3 55. Kf2 Rb3 56. Rd2 Ra3 57. Rd6+ Kg7 58. h5 Rb3 59. Ke2 Ra3 60. Rd3
Ra2+ 61. Ke3 Ra5 62. f4 gxf4+ 63. Kxf4 Ra1 64. Rf3 Re1 65. Kf5 Re2 66. Rf1 Re3
67. Kf4 Re2 68. Ra1 Rf2+ 69. Ke3 Rg2 70. Kf3 Rb2 71. Rg1 Kf6 72. Kf4 Rf2+ 73.
Ke3 Ra2 74. Rf1+ Kg7 75. Rc1 Rg2 76. Kf3 Ra2 77. Rg1 Kf6 78. Kg3 Re2 79. Rf1+
Kg7 80. Kf4 Rg2 81. Kf5 Re2 82. e5 Rg2 83. Kf4 Rh2 84. Rd1 Rf2+ 85. Ke3 Rg2 86.
Kf3 Ra2 87. Rd7 Kg8 88. Rb7 Ra4 89. Rc7 Rb4 90. Rc6 Kg7 91. Rf6 Ra4 92. Rf5 Ra3+
93. Kf4 Ra4+ 94. Kg3 Ra3+ 95. Rf3 Ra1 96. Kf4 Rg1 97. Kf5 Rg2 98. Rf4 Rg1 99.
Rf2 Rg3 100. Kf4 Rg1 101. Rf3 Rh1 102. Rf2 Rg1 103. Kf3 Re1 104. Re2 Rxe2 105.
Kxe2 f6 106. e6 Kf8 107. Kf3 Ke7 108. Kf4 Kxe6 109. Ke4 Ke7 110. Kd5 Kd7 111.
Ke4 Ke6 112. Kf4 Ke7 113. Ke4 Ke6 114. Kf4 Ke7 115. Ke4 1/2-1/2

[Event "25th European Teams"]
[Site "Batumi GEO"]
[Date "2025.10.12"]
[Round "7.16"]
[Board "2"]
[White "Seo, Jung Min"]
[Black "Sipila, Vilka"]
[Result "0-1"]
[WhiteTitle "IM"]
[BlackTitle "IM"]
[WhiteElo "2483"]
[BlackElo "2487"]
[WhiteTeam "Sweden"]
[BlackTeam "Finland"]
[WhiteFideId "1734687"]
[BlackFideId "505455"]
[EventDate "2025.10.05"]

1. e4 e5 2. Nf3 Nc6 3. Bb5 Nf6 4. d3 Bc5 5. Bxc6 dxc6 6. O-O Nd7 7. Nbd2 O-O 8.
Nc4 Re8 9. Kh1 b5 10. Na5 Qf6 11. Nb3 Bd6 12. Be3 Nb6 13. c3 a5 14. Nbd2 a4 15.
d4 Bg4 16. Qc2 Bxf3 17. Nxf3 Nc4 18. Rae1 h6 19. Bc1 c5 20. d5 Nb6 21. Be3 c6
22. dxc6 Bf8 23. c7 Qc6 24. Qe2 Rac8 25. Rd1 Rxc7 26. Qc2 Qe6 27. b3 Ra8 28. Rb1
axb3 29. axb3 Nd7 30. Rfd1 Nf6 31. h3 Rca7 32. Nd2 Be7 33. Qd3 Qc6 34. Nf3 Rd8
35. Qc2 Rxd1+ 36. Rxd1 Qxe4 37. Qxe4 Nxe4 38. Nxe5 Bd6 39. Nd3 Ra3 40. Nc1 f5
41. f3 Ng3+ 42. Kg1 f4 43. Bf2 Ra1 44. Kh2 Be5 45. Rg1 c4 0-1

[Event "25th European Teams"]
[Site "Batumi GEO"]
[Date "2025.10.12"]
[Round "7.16"]
[Board "3"]
[White "Sklyarov, Dmitry V."]
[Black "Blomqvist, Erik"]
[Result "1/2-1/2"]
[WhiteTitle "IM"]
[BlackTitle "GM"]
[WhiteElo "2428"]
[BlackElo "2478"]
[WhiteTeam "Finland"]
[BlackTeam "Sweden"]
[WhiteFideId "4157052"]
[BlackFideId "1709437"]
[EventDate "2025.10.05"]

1. Nf3 d5 2. d4 Nf6 3. e3 Bf5 4. c4 c6 5. Bd3 Bxd3 6. Qxd3 e6 7. O-O Be7 8. Nc3
O-O 9. e4 dxe4 10. Nxe4 Nxe4 11. Qxe4 Nd7 12. Rd1 a5 13. Bf4 a4 14. Ne5 Nxe5 15.
Bxe5 Qd7 16. Rd3 f6 17. Bf4 Rfe8 18. Rad1 Rad8 19. Bd2 b5 20. b3 axb3 21. axb3
bxc4 22. bxc4 Ra8 23. d5 cxd5 24. cxd5 exd5 25. Rxd5 Qc6 26. Be3 Ra5 27. g3 Rxd5
28. Qxd5+ Qxd5 29. Rxd5 Rd8 30. Rxd8+ Bxd8 1/2-1/2

[Event "25th European Teams"]
[Site "Batumi GEO"]
[Date "2025.10.12"]
[Round "7.16"]
[Board "4"]
[White "Trost, Edvin"]
[Black "Wartiovaara, Oliver"]
[Result "1-0"]
[WhiteTitle "IM"]
[BlackTitle "FM"]
[WhiteElo "2457"]
[BlackElo "2309"]
[WhiteTeam "Sweden"]
[BlackTeam "Finland"]
[WhiteFideId "1729519"]
[BlackFideId "513024"]
[EventDate "2025.10.05"]

1. e4 e5 2. Nf3 Nc6 3. Bc4 Nf6 4. d3 h6 5. a4 Bc5 6. Nc3 d6 7. Be3 a6 8. O-O Be6
9. Bxc5 dxc5 10. a5 O-O 11. b3 Bg4 12. h3 Bh5 13. Nd5 Kh8 14. Ne3 Nh7 15. Bd5
Nd4 16. g4 c6 17. Bc4 Nxf3+ 18. Qxf3 Bg6 19. Qg3 f6 20. h4 Bf7 21. Kh1 Qc7 22.
f4 exf4 23. Qxf4 Qxf4 24. Rxf4 g6 25. Raf1 Rae8 26. h5 gxh5 27. Bxf7 Rxf7 28.
gxh5 Rg7 29. Nf5 Rg5 30. Rh4 Re5 31. Rh2 c4 32. Nxh6 Kg7 33. Nf5+ Kf8 34. b4 c5
35. Nh4 Re6 36. Nf3 Rg3 37. bxc5 Re8 38. h6 cxd3 39. cxd3 Rd8 40. d4 Ke7 41. Nh4
Ra3 42. Nf5+ Ke6 43. Nd6 Ng5 44. d5+ Ke7 45. Nxb7 1-0

[Event "25th European Teams"]
[Site "Batumi GEO"]
[Date "2025.10.12"]
[Round "7.17"]
[Board "1"]
[White "Saraci, Nderim"]
[Black "Maerevoet, Sim"]
[Result "1/2-1/2"]
[WhiteTitle "IM"]
[BlackTitle "IM"]
[WhiteElo "2445"]
[BlackElo "2426"]
[WhiteTeam "Kosovo"]
[BlackTeam "Belgium"]
[WhiteFideId "6351921"]
[BlackFideId "241725"]
[EventDate "2025.10.05"]

1. e4 c5 2. c3 e5 3. Nf3 Nc6 4. Bb5 a6 5. Bxc6 dxc6 6. O-O Bg4 7. h3 h5 8. d3
Qf6 9. Nbd2 Rd8 10. Nc4 Bxf3 11. Qxf3 b5 12. Qxf6 gxf6 13. Na5 Rxd3 14. Nxc6 Ne7
15. Nxe7 Bxe7 16. a4 b4 17. cxb4 cxb4 18. Be3 O-O 19. Rfd1 Rfd8 20. Rxd3 Rxd3
21. Kf1 Rb3 22. Rb1 f5 23. exf5 Bf6 24. Ke2 e4 25. Kd1 Rd3+ 26. Ke2 Rb3 27. g4
hxg4 28. hxg4 Rxb2+ 29. Rxb2 Bxb2 30. f3 exf3+ 31. Kxf3 Be5 32. Ke4 b3 33. Kd3
Kf8 34. g5 Ke7 35. Bc5+ Kd7 36. Ba3 Bf4 1/2-1/2

[Event "25th European Teams"]
[Site "Batumi GEO"]
[Date "2025.10.12"]
[Round "7.17"]
[Board "2"]
[White "Glek, Igor"]
[Black "Uruci, Endrit"]
[Result "1-0"]
[WhiteTitle "GM"]
[BlackTitle "FM"]
[WhiteElo "2432"]
[BlackElo "2347"]
[WhiteTeam "Belgium"]
[BlackTeam "Kosovo"]
[WhiteFideId "4100484"]
[BlackFideId "22100199"]
[EventDate "2025.10.05"]

1. e4 c5 2. Nf3 g6 3. Bc4 Bg7 4. c3 e6 5. d4 cxd4 6. Nxd4 a6 7. O-O Ne7 8. Bb3
O-O 9. Bg5 h6 10. Bh4 Nbc6 11. Na3 Nxd4 12. cxd4 b5 13. d5 g5 14. Bg3 Bxb2 15.
Nc2 Bb7 16. Qh5 Bg7 17. Rad1 exd5 18. Ne3 Kh8 19. Ng4 Ng8 20. Bxd5 Bxd5 21. Rxd5
Nf6 22. Nxf6 Qxf6 23. Rd6 Qe7 24. Rxh6+ Bxh6 25. Qxh6+ Kg8 26. Bd6 Qxe4 27. Bxf8
Rxf8 28. Qxg5+ Kh7 29. Rd1 Re8 30. h3 Re5 31. Qf6 Rf5 32. Qd6 Rg5 33. g3 Qa4 34.
Rd4 Qxa2 35. Rh4+ Kg8 36. Qb8+ 1-0

[Event "25th European Teams"]
[Site "Batumi GEO"]
[Date "2025.10.12"]
[Round "7.17"]
[Board "3"]
[White "Saraci, Korab"]
[Black "Lenaerts, Lennert"]
[Result "0-1"]
[WhiteTitle "CM"]
[BlackTitle "FM"]
[WhiteElo "2197"]
[BlackElo "2355"]
[WhiteTeam "Kosovo"]
[BlackTeam "Belgium"]
[WhiteFideId "4701968"]
[BlackFideId "211435"]
[EventDate "2025.10.05"]

1. d4 d5 2. c4 c6 3. g3 Nf6 4. Bg2 Bf5 5. Nc3 e6 6. Nf3 h6 7. O-O Be7 8. Qb3 Qb6
9. c5 Qxb3 10. axb3 O-O 11. Bf4 Nbd7 12. h3 g5 13. Be3 Ne4 14. Nh2 a6 15. Nxe4
Bxe4 16. f4 f5 17. g4 Kh7 18. fxg5 hxg5 19. Nf3 Kg6 20. Bf2 Bf6 21. h4 fxg4 22.
Nxg5 Bxg5 23. hxg5 Kxg5 24. Ra4 Nf6 25. Rb4 Rf7 26. Bg3 Bxg2 27. Kxg2 Rh8 28.
Bf4+ Kg6 29. Be5 Rhh7 30. Rf4 Kg5 31. Ra4 Ne4 32. Rxe4 dxe4 33. Bg3 e3 34. Rc4
Kf5 35. Rc3 Ke4 36. Rc4 Rd7 37. Bd6 Rhf7 38. Kg3 Rf2 39. d5+ Kxd5 40. Rxg4 Rxd6 0-1

[Event "25th European Teams"]
[Site "Batumi GEO"]
[Date "2025.10.12"]
[Round "7.17"]
[Board "4"]
[White "De Waele, Warre"]
[Black "Krasniqi, Alban"]
[Result "1-0"]
[WhiteTitle "FM"]
[WhiteElo "2326"]
[BlackElo "2131"]
[WhiteTeam "Belgium"]
[BlackTeam "Kosovo"]
[WhiteFideId "241156"]
[BlackFideId "22101381"]
[EventDate "2025.10.05"]

1. c4 e6 2. Nc3 d5 3. d4 Nf6 4. cxd5 exd5 5. Bg5 c6 6. e3 Be7 7. Bd3 O-O 8. Nge2
h6 9. Bh4 Nh5 10. Bxe7 Qxe7 11. Qd2 Qg5 12. Ng3 Nxg3 13. hxg3 Bf5 14. O-O-O Nd7
15. Rh4 Bxd3 16. Qxd3 Rfe8 17. Rdh1 Nf6 18. Kb1 Qg6 19. Qxg6 fxg6 20. Re1 g5 21.
Rhh1 Re7 22. Kc2 Rae8 23. Rhf1 Ng4 24. Kd3 Nh2 25. Rh1 Ng4 26. Re2 Nf6 27. f3
Kf7 28. b4 Kg6 29. g4 a6 30. a4 Kf7 31. Rb1 Ke6 32. b5 axb5 33. axb5 Kd6 34.
bxc6 bxc6 35. Rb6 Kc7 36. Ra6 Kb7 37. Ra3 Rb8 38. Na4 Kc8 39. Rc2 Rc7 40. Nc5
Re7 41. Ra6 Kc7 42. Kd2 Rb6 43. Ra8 Nd7 44. Ra7+ Kd6 45. e4 dxe4 46. fxe4 Rb5
47. e5+ Kd5 48. Rxd7+ Rxd7 49. Nxd7 Rb7 50. Nc5 Rb4 51. Ke3 Rxd4 52. e6 Rb4 53.
e7 Rb8 54. Rd2+ Kxc5 55. Rd8 Rb3+ 56. Ke4 1-0

[Event "25th European Teams"]
[Site "Batumi GEO"]
[Date "2025.10.12"]
[Round "7.18"]
[Board "1"]
[White "Nemeth, Zalan"]
[Black "Kiladze, Luka"]
[Result "0-1"]
[WhiteTitle "FM"]
[BlackTitle "FM"]
[WhiteElo "2212"]
[BlackElo "2370"]
[WhiteTeam "Ireland"]
[BlackTeam "Georgia 3"]
[WhiteFideId "2512041"]
[BlackFideId "13623389"]
[EventDate "2025.10.05"]

1. d4 Nf6 2. c4 e6 3. g3 d5 4. Nf3 Be7 5. Bg2 Ne4 6. Nbd2 O-O 7. O-O a5 8. Qc2
f5 9. Ne5 Na6 10. Nxe4 dxe4 11. Be3 c5 12. Rfd1 Qc7 13. Qc3 Bf6 14. f4 exf3 15.
exf3 f4 16. gxf4 b6 17. Bh3 Nb4 18. dxc5 bxc5 19. a3 Nc6 20. Bxc5 Nxe5 21. Bd6
Qa7+ 22. c5 Nf7 23. Qc4 Nxd6 24. Rxd6 Ba6 25. Bxe6+ Kh8 26. Qc2 Be7 27. Rd5 Rxf4
28. Rad1 Bb5 29. Rh5 h6 30. Rdd5 Raf8 31. Qd2 Bc6 32. Rdf5 R8xf5 33. Bxf5 Qxc5+ 0-1